| 000 | 01083nam a22003257a 4500 | ||
|---|---|---|---|
| 003 | CHAP | ||
| 005 | 20220329140836.0 | ||
| 008 | 971013s1981 r 00010 d | ||
| 010 | _a58463 | ||
| 011 | _a59435 | ||
| 035 | _a63593 | ||
| 040 | _cCHAP | ||
| 082 |
_a371 _bS8 |
||
| 110 |
_aSuiza. Oficina para el Fomento del Comercio _9110613 |
||
| 245 |
_aEducación y formación _b: tecnología, equipo, material |
||
| 260 |
_aLausana : _bOficina Suiza para el Fomento del Comercio, _c1981 |
||
| 300 |
_a104 p. _b: ilus. |
||
| 490 |
_aSuiza-su asociada _v; 10 |
||
| 590 |
_aBATCH-UPD _b10 _c20130110 _lUCH01 _h0626 |
||
| 590 |
_aBATCH-UPD _b10 _c20130410 _lUCH01 _h0310 |
||
| 590 |
_aBATCH-UPD _b10 _c20130914 _lUCH01 _h1237 |
||
| 590 |
_aCONVERSION _b10 _c20130109 _lUCH01 _h1331 |
||
| 650 | 1 | 4 |
_aEducación _xInnovaciones tecnológicas. _935456 |
| 650 | 1 | 4 |
_aEducación _xSuiza. _935481 |
| 650 | 1 | 4 |
_aPolítica educativa. _990539 |
| 830 | 0 |
_aSuiza-su asociada _v; 10 _9110610 |
|
| 901 | _aBK | ||
| 942 | _cLIBRO | ||
| 949 |
_a371 S8 _bBC _cLIBRO _d33724000379079 _eLIBRO _h61275 _i63593 _mD _si |
||
| 999 |
_c58463 _d58463 |
||